000 02625nam a22004697a 4500
999 _c22046
_d22046
003 AR-CdUCM
008 190515b ||||| |||| 00| 0 spa d
040 _aMUNICIPALIDAD PROVINCIAL DEL CUSCO
_cBIBLIOTECA MUNICIPAL DEL CUSCO
082 _aVisióncultu/N°1/1995
110 _aInstituto Nacional de Cultura Cusco
_99277
245 _aVisión Cultural /
_cInstituto Nacional de Cultura Departamental Cusco
260 _aCusco :
_bInstituto Nacional de Cultura Cusco,
_c1995.
300 _a40 páginas. :
_bilustraciones ;
_c30 cm.
440 _aVisión Cultural.
_nAño II, N°1, enero 1995.
_947260
505 _aContenido: Orquídeas de Machupicchu. -- Origen Depredación y Defensa del Patrimonio Arqueológico del Cusco. -- La Cultura Popular Tradicional de la Bebida "La Tetaría Cusqueña". -- Instituto Nacional de Cultura; Breve Reseña Histórica. -- Restauración del Templo de santo Tomas. -- Nuestra Llama. -- Investigación Arqueológica en Bandoja. --Suplemento "Investigación Cultural" Arqueología Sepulcral Macha Cancha. -- Sobre la Conservación del Patrimonio Cultural. -- Centro Interamericano Sub Regional de Restauración de Bienes Culturales Muebles. -- El "Danzaq" en el pensamiento de las comunidades hidráulicas de Ayacucho. -- Reflexione para un pueblo con facciones de eternidad. -- Museos y Sociedad en la Capital Histórica del Perú. -- Runa Simiman Harawi. --Introducción a la Arqueología de K'anamarca. -- Declaración de México sobre políticas culturales.
650 _aPatrimonio cultural
_93805
650 _aInvestigación Cultural
_947261
650 _aArqueología cusqueña
_99322
650 _aCusco
_9772
700 _aAguirre S., Ciprian
_947262
700 _aMaza H., Julio
_947263
700 _aGibaja Oviedo, Arminda
_929271
700 _aMontes Quintanilla, Teófilo
_947264
700 _aCaipani Gutiérrez, Atilio
_947265
700 _aBoza Murillo, Beatriz
_947266
700 _aEnríquez Pelaez, Alcides
_947267
700 _aLetona Muñoz, Federico
_947258
700 _aletona Muñoz, Federico
_947258
700 _aBonett Medina, Percy
_947268
700 _aCamacho Merma, Washington
_947269
700 _aSan Román Luna, Wilbert
_947270
700 _aGálvez B., Ana María
_947271
700 _aChara Zereceda, Luis Oscar
_947272
700 _aEspinoza Martínez, Héctor
_947132
700 _aAvendaño Soto, Ninoska
_947273
700 _aContreras C., Nora
_947274
700 _aBarrera Ascarza, Jesús
_947275
700 _aQuirita H., Rosa
_947276
700 _aFernandez Carrasco, Octavio
_947277
942 _2ddc
_cPP
945 _asmm